| 000 | 00588cam a22002171 4500 | ||
|---|---|---|---|
| 001 | sa 68009497 | ||
| 003 | DLC | ||
| 005 | 20260227112543.0 | ||
| 008 | 881102s1968 xx 000 0 hino | ||
| 010 | _asa 68009497 | ||
| 035 | _a(OCoLC)23548981 | ||
| 040 |
_aDLC _cMiU _dDLC |
||
| 042 | _apremarc | ||
| 050 | 0 | 0 |
_aPK2095.R3 _bA6 1968 |
| 100 | 0 |
_aRavidāsa, _dactive 15th century. |
|
| 245 | 1 | 0 | _aŚrīsanta Rohidāsa. |
| 260 | _c[1968] | ||
| 300 |
_a264 p. _bport. _c19 cm. |
||
| 700 | 1 |
_aKāmata, Aśoka Prabhākara, _d1942- |
|
| 700 | 1 |
_aKadama, Ekanātha Paṇḍharīnātha, _eed. |
|
| 999 |
_c82939 _d82939 |
||